[Event "HUN-chT1 Maroczy 2324"]
[Site "Hungary"]
[Date "2024.02.18"]
[Round "6.4"]
[White "Ag, Norbert"]
[Black "Polyik, Peter"]
[Result "1/2-1/2"]
[WhiteElo "2309"]
[BlackElo "2294"]
[PlyCount "81"]
[EventDate "2023.10.08"]
[EventType "team-tourn"]
[EventRounds "11"]
[EventCountry "HUN"]
[SourceTitle "EXT 2025"]
[Source "ChessBase"]
[SourceDate "2024.10.14"]
[SourceVersion "1"]
[SourceVersionDate "2024.10.14"]
[SourceQuality "1"]
[WhiteTeam "Debrecen Sakkiskola"]
[BlackTeam "Kobanya Aquarena II"]
[WhiteTeamCountry "HUN"]
[BlackTeamCountry "HUN"]

1. c4 c6 2. Qa4 e5 3. Nc3 Nf6 4. Nf3 Bd6 5. g3 0-0 6. Bg2 Bc7 7. d3 h6 8. 0-0 Re8 9. e4 d6 10. h3 Nbd7 11. Qc2 a6 12. b3 b5 13. Bb2 Bb7 14. Rac1 Bb6 15. Nh4 Nf8 16. Kh2 d5 17. c5 Bxc5 18. Nxd5 N6d7 19. Ne3 Ne6 20. Nf3 f6 21. Nf5 Qb6 22. Rcd1 Rad8 23. d4 exd4 24. N3xd4 Nxd4 25. Bxd4 Bxd4 26. Nxd4 c5 27. Nf5 Ne5 28. Qc3 c4 29. f4 Nf7 30. Rxd8 Qxd8 31. bxc4 Bxe4 32. Bxe4 Rxe4 33. cxb5 axb5 34. Qc2 Qd5 35. Nh4 Ra4 36. Rf2 Rc4 37. Qg6 Rc1 38. Nf3 Qd1 39. g4 Qh1+ 40. Kg3 Rc3 41. Qe4 1/2-1/2

[Event "HUN-chT1 Maroczy 2223"]
[Site "Hungary"]
[Date "2023.03.26"]
[Round "8.4"]
[White "Ag, Norbert"]
[Black "Barva, Attila"]
[Result "0-1"]
[WhiteElo "2319"]
[BlackElo "2359"]
[PlyCount "90"]
[EventDate "2022.11.20"]
[EventType "team-tourn"]
[EventRounds "9"]
[EventCountry "HUN"]
[SourceTitle "EXT 2025"]
[Source "ChessBase"]
[SourceDate "2024.10.14"]
[SourceVersion "1"]
[SourceVersionDate "2024.10.14"]
[SourceQuality "1"]
[WhiteTeam "Debrecen Sakkiskola"]
[BlackTeam "Edelenyi VSE"]
[WhiteTeamCountry "HUN"]
[BlackTeamCountry "HUN"]

1. c4 e5 2. g3 Nc6 3. Bg2 d6 4. Nc3 Bd7 5. Nf3 Qc8 6. 0-0 Be7 7. d4 Bh3 8. d5 Nd8 9. c5 h5 10. cxd6 cxd6 11. Bxh3 Qxh3 12. Qa4+ Kf8 13. Ng5 Bxg5 14. Bxg5 f6 15. Bd2 Nh6 16. f3 Ndf7 17. Ne4 h4 18. Nf2 Qc8 19. Rac1 Qe8 20. Qxe8+ Kxe8 21. Bxh6 Rxh6 22. Rc7 Rb8 23. Rfc1 Rg6 24. Kg2 hxg3 25. hxg3 f5 26. R1c3 a6 27. Rb3 b5 28. Rbc3 Nh6 29. e4 fxe4 30. fxe4 Nf7 31. Ra7 Ng5 32. Rcc7 Kf8 33. b4 Kg8 34. Rxa6 Rf8 35. Rc2 Rf3 36. g4 Re3 37. a4 bxa4 38. b5 Rb3 39. b6 Nxe4 40. Rc8+ Kh7 41. Raa8 Rg3+ 42. Kf1 Rf6 43. Rf8 Rxf8 44. Rxf8 Nc5 45. Rc8 Rb3 0-1

[Event "HUN-chT1 Maroczy 2223"]
[Site "Hungary"]
[Date "2022.12.04"]
[Round "2.4"]
[White "Ag, Norbert"]
[Black "Karacsony, Attila"]
[Result "1/2-1/2"]
[WhiteElo "2319"]
[BlackElo "2209"]
[PlyCount "24"]
[EventDate "2022.11.20"]
[EventType "team-tourn"]
[EventRounds "9"]
[EventCountry "HUN"]
[SourceTitle "EXT 2025"]
[Source "ChessBase"]
[SourceDate "2024.10.14"]
[SourceVersion "1"]
[SourceVersionDate "2024.10.14"]
[SourceQuality "1"]
[WhiteTeam "Debrecen Sakkiskola"]
[BlackTeam "Vasas"]
[WhiteTeamCountry "HUN"]
[BlackTeamCountry "HUN"]

1. c4 f5 2. g3 Nf6 3. Bg2 d6 4. Nc3 g6 5. d3 Bg7 6. e4 c6 7. Nge2 e5 8. 0-0 0-0 9. exf5 Bxf5 10. h3 Be6 11. b3 d5 12. Bb2 Nbd7 1/2-1/2

[Event "HUN-chT2 Maroczy 1819"]
[Site "Hungary"]
[Date "2019.03.10"]
[Round "9.5"]
[White "Szalanczy, Emil"]
[Black "Ag, Norbert"]
[Result "0-1"]
[WhiteElo "2194"]
[BlackElo "2318"]
[PlyCount "130"]
[EventDate "2018.09.23"]
[EventType "team-tourn"]
[EventRounds "11"]
[EventCountry "HUN"]
[SourceTitle "EXT 2020"]
[Source "ChessBase"]
[SourceDate "2019.10.17"]
[SourceVersion "1"]
[SourceVersionDate "2019.10.17"]
[SourceQuality "1"]
[WhiteTeam "Szigetszentmiklos"]
[BlackTeam "Lillafured DVTK II"]
[WhiteTeamCountry "HUN"]
[BlackTeamCountry "HUN"]

1. e4 c6 2. d4 d5 3. e5 Bf5 4. Nf3 e6 5. Be2 Ne7 6. 0-0 Bg6 7. a4 Nf5 8. a5 Bb4 9. Bd2 Be7 10. Na3 0-0 11. b4 Kh8 12. c3 Nh6 13. Nc2 Nd7 14. Nfe1 f6 15. f4 Be4 16. Nd3 Qc7 17. Ne3 b6 18. Qa4 b5 19. Qa2 Rae8 20. Nf2 Bg6 21. Neg4 Nxg4 22. Bxg4 Bd8 23. Rae1 Be4 24. Bh5 g6 25. Bg4 Rf7 26. Bh3 f5 27. Nd1 Bh4 28. Nf2 Bxf2+ 29. Rxf2 Rg8 30. Rxe4 dxe4 31. Qxe6 Nf8 32. Qb3 Qd7 33. Be3 Qd5 34. Qc2 Ne6 35. g3 Rd8 36. Bf1 Qd7 37. h4 a6 38. Qa2 Qe8 39. h5 gxh5 40. Rh2 Rg7 41. Qg2 Qg6 42. Kf2 Rdg8 43. Rh3 h4 44. Rxh4 Qxg3+ 45. Qxg3 Rxg3 46. Rh3 Rxh3 47. Bxh3 Rf8 48. Bf1 Rd8 49. Bh3 Rf8 50. Bf1 Rd8 51. Bh3 Rf8 52. Bf1 Kg7 53. c4 bxc4 54. Bxc4 Nc7 55. Bd2 Rb8 56. Kg3 Nd5 57. Bxa6 Nxb4 58. Bc4 Nd5 59. a6 Rb1 60. Ba5 Ra1 61. Bd8 Ra4 62. Be2 Ra3+ 63. Kh4 h6 64. Bf1 Nxf4 65. Be7 Ng6+ 0-1

[Event "HUN-chT2 Barcza 1718"]
[Site "Hungary"]
[Date "2017.10.08"]
[Round "2.3"]
[White "Ag, Norbert"]
[Black "Kristofori, Attila"]
[Result "1/2-1/2"]
[WhiteElo "2313"]
[BlackElo "2086"]
[PlyCount "131"]
[EventDate "2017.09.24"]
[EventType "team-tourn"]
[EventRounds "11"]
[EventCountry "HUN"]
[SourceTitle "EXT 2021"]
[Source "ChessBase"]
[SourceDate "2020.10.23"]
[SourceVersion "1"]
[SourceVersionDate "2020.10.23"]
[SourceQuality "1"]
[WhiteTeam "Lillafured DVTK II"]
[BlackTeam "Nyiregyhaza SISE"]
[WhiteTeamCountry "HUN"]
[BlackTeamCountry "HUN"]

1. d4 d5 2. Bf4 e6 3. e3 c5 4. c3 Nc6 5. Nf3 Bd6 6. Bg3 Nge7 7. Bd3 cxd4 8. exd4 Nf5 9. Bxf5 exf5 10. Bxd6 Qxd6 11. 0-0 0-0 12. Re1 Be6 13. Nbd2 f6 14. Nb3 b6 15. Qe2 Rae8 16. Qa6 Bc8 17. Qd3 g6 18. Rxe8 Rxe8 19. Re1 Rxe1+ 20. Nxe1 Qe6 21. Qe3 Qxe3 22. fxe3 Ba6 23. Nd2 Kf7 24. Nc2 Ke6 25. Kf2 Nd8 26. Nb4 Bb5 27. b3 Bc6 28. c4 Kd6 29. Nd3 Ne6 30. g3 g5 31. a3 Bb7 32. Ke2 Ba6 33. Nb4 Bb7 34. Nd3 Ba6 35. Kf2 Bb7 36. Ke2 Ba6 37. Nb4 Bb7 38. cxd5 Bxd5 39. Nc4+ Bxc4+ 40. bxc4 Nc7 41. Kd3 a5 42. Na2 Ne6 43. Nc3 f4 44. Ne4+ Ke7 45. gxf4 gxf4 46. Nc3 fxe3 47. Nd5+ Kd6 48. Nxe3 Nf4+ 49. Ke4 Ne6 50. Nf5+ Kd7 51. h4 Kc7 52. Ne3 Kd6 53. Nf5+ Kd7 54. Kf3 a4 55. Ke4 Nc7 56. d5 b5 57. c5 Na6 58. Kd4 b4 59. axb4 a3 60. Kc3 Nxb4 61. c6+ Kd8 62. Ne3 a2 63. Kb2 Kc7 64. Ka1 f5 65. Nxf5 Nxd5 66. Kxa2 1/2-1/2

[Event "HUN-chT2 Maroczy 1516"]
[Site "Hungary"]
[Date "2016.02.28"]
[Round "6.5"]
[White "Fekete, Albert"]
[Black "Ag, Norbert"]
[Result "1/2-1/2"]
[WhiteElo "2223"]
[BlackElo "2333"]
[PlyCount "53"]
[EventDate "2015.10.18"]
[EventType "team-tourn"]
[EventRounds "9"]
[EventCountry "HUN"]
[SourceTitle "EXT 2017"]
[Source "ChessBase"]
[SourceDate "2016.10.25"]
[SourceVersion "1"]
[SourceVersionDate "2016.10.25"]
[SourceQuality "1"]
[WhiteTeam "Kisujszallas"]
[BlackTeam "DVTK EMSE"]
[WhiteTeamCountry "HUN"]
[BlackTeamCountry "HUN"]

1. d3 d5 2. e4 c6 3. Nd2 e5 4. Ngf3 Bd6 5. g3 Nf6 6. Bg2 0-0 7. h3 Re8 8. 0-0 Nbd7 9. c3 a5 10. Re1 Nc5 11. Qc2 dxe4 12. Nxe4 Nfxe4 13. dxe4 a4 14. Be3 f6 15. b4 axb3 16. axb3 Be6 17. c4 b6 18. Red1 Qc7 19. Bf1 Be7 20. Ne1 Ra7 21. Rxa7 Qxa7 22. b4 Nd7 23. Qc3 Ra8 24. Nc2 Qb7 25. Bg2 Qc7 26. Kh2 Nf8 27. Ra1 1/2-1/2

[Event "HUN-chT2 Maroczy 1516"]
[Site "Hungary"]
[Date "2016.02.14"]
[Round "5.6"]
[White "Ag, Norbert"]
[Black "Volosin, Vladimir"]
[Result "1/2-1/2"]
[WhiteElo "2333"]
[BlackElo "2279"]
[PlyCount "20"]
[EventDate "2015.10.18"]
[EventType "team-tourn"]
[EventRounds "9"]
[EventCountry "HUN"]
[SourceTitle "EXT 2017"]
[Source "ChessBase"]
[SourceDate "2016.10.25"]
[SourceVersion "1"]
[SourceVersionDate "2016.10.25"]
[SourceQuality "1"]
[WhiteTeam "DVTK EMSE"]
[BlackTeam "Toth Laszlo"]
[WhiteTeamCountry "HUN"]
[BlackTeamCountry "HUN"]

1. d4 Nf6 2. c4 e6 3. Nc3 Bb4 4. e3 b6 5. Nge2 0-0 6. a3 Be7 7. e4 d5 8. e5 Ne8 9. cxd5 exd5 10. Nf4 c6 1/2-1/2

[Event "HUN-chT2 Barcza 1415"]
[Site "Hungary"]
[Date "2015.03.01"]
[Round "?"]
[White "Ag, Norbert"]
[Black "Hidegh, Gabor"]
[Result "1/2-1/2"]
[WhiteElo "2327"]
[BlackElo "2141"]
[PlyCount "44"]
[EventDate "2014.09.07"]
[EventType "team-tourn"]
[EventRounds "11"]
[EventCountry "HUN"]
[SourceTitle "EXT 2016"]
[Source "ChessBase"]
[SourceDate "2015.10.08"]
[SourceVersion "1"]
[SourceVersionDate "2015.10.08"]
[SourceQuality "1"]
[WhiteTeam "Miskolc Sakkiskola"]
[BlackTeam "Edeleny"]
[WhiteTeamCountry "HUN"]
[BlackTeamCountry "HUN"]

1. d4 Nf6 2. c4 c5 3. d5 b5 4. cxb5 a6 5. bxa6 Bxa6 6. Nc3 d6 7. e4 g6 8. Nf3 Nbd7 9. Bxa6 Rxa6 10. 0-0 Bg7 11. Qe2 Qb6 12. h3 0-0 13. Bd2 Rfa8 14. Rab1 Ne8 15. Rfc1 Qb7 16. Rc2 Nc7 17. b3 Rb6 18. Rbc1 Na6 19. Na4 Rb5 20. Nc3 Rb6 21. Na4 Rb5 22. Nc3 Rb6 1/2-1/2

[Event "HUN-chT2 Barcza 1314"]
[Site "Hungary"]
[Date "2014.02.02"]
[Round "6"]
[White "Meszaros, Andras"]
[Black "Ag, Norbert"]
[Result "1/2-1/2"]
[WhiteElo "2273"]
[BlackElo "2312"]
[PlyCount "90"]
[EventDate "2013.09.08"]
[EventType "team-tourn"]
[EventRounds "11"]
[EventCountry "HUN"]
[SourceTitle "EXT 2016"]
[Source "ChessBase"]
[SourceDate "2015.10.08"]
[SourceVersion "1"]
[SourceVersionDate "2015.10.08"]
[SourceQuality "1"]
[WhiteTeam "Nadudvar"]
[BlackTeam "Debrecen EAC"]
[WhiteTeamCountry "HUN"]
[BlackTeamCountry "HUN"]

1. e4 c6 2. c4 d5 3. exd5 cxd5 4. Nc3 Nf6 5. Nf3 d4 6. Ne2 Nc6 7. d3 e5 8. Ng3 Be7 9. Be2 0-0 10. 0-0 Nd7 11. Nd2 f5 12. Bf3 a5 13. a3 Kh8 14. Re1 Bd6 15. b3 Nc5 16. Qc2 Bd7 17. Rb1 Na6 18. Bd5 Qc7 19. Qd1 Ne7 20. Bf3 Rab8 21. Bb2 Rbe8 22. Rc1 Bc5 23. Bh5 g6 24. Be2 Nc6 25. Bf1 Qd6 26. Ra1 Nd8 27. Ne2 Kg8 28. Qc1 Bc6 29. Ng3 Ne6 30. Qc2 Nf4 31. Bc1 Re7 32. Qd1 Rfe8 33. Nf3 e4 34. dxe4 fxe4 35. Ng5 h6 36. N5xe4 Bxe4 37. Nxe4 Rxe4 38. Rxe4 Rxe4 39. Qf3 Qe5 40. Bd2 Ne2+ 41. Kh1 Bf8 42. b4 Bg7 43. g3 d3 44. Rb1 axb4 45. axb4 Rxc4 1/2-1/2

[Event "HUN-chT2 Barcza 1213"]
[Site "Hungary"]
[Date "2013.04.07"]
[Round "10.1"]
[White "Ag, Norbert"]
[Black "Meszaros, Andras"]
[Result "1-0"]
[WhiteElo "2307"]
[BlackElo "2247"]
[PlyCount "48"]
[EventDate "2012.09.16"]
[EventType "team-tourn"]
[EventRounds "11"]
[EventCountry "HUN"]
[SourceTitle "EXT 2014"]
[Source "ChessBase"]
[SourceDate "2013.11.20"]
[SourceVersion "1"]
[SourceVersionDate "2013.11.20"]
[SourceQuality "1"]
[WhiteTeam "DEAC"]
[BlackTeam "Nadudvar"]
[WhiteTeamCountry "HUN"]
[BlackTeamCountry "HUN"]

1. d4 Nf6 2. c4 c5 3. d5 d6 4. Nc3 g6 5. e4 Bg7 6. Nge2 a6 7. a4 b6 8. Ng3 h5 9. Be2 h4 10. Nf1 Nbd7 11. h3 Rb8 12. Bg5 Nh5 13. Qd2 Bf6 14. Be3 Ne5 15. Nh2 Qc7 16. 0-0 Bg7 17. Rab1 f5 18. f4 Nf7 19. Bxh5 Rxh5 20. Rbe1 Bd7 21. Nf3 b5 22. exf5 gxf5 23. Qe2 Rh7 24. Bd4 cxd4 1-0

[Event "HUN-chT2 Barcza 1112 "]
[Site "Hungary"]
[Date "2012.01.29"]
[Round "5"]
[White "Horvath, Karoly"]
[Black "Ag, Norbert"]
[Result "0-1"]
[WhiteElo "2188"]
[BlackElo "2285"]
[PlyCount "138"]
[EventDate "2011.09.25"]
[EventType "team-tourn"]
[EventRounds "11"]
[EventCountry "HUN"]
[SourceTitle "EXT 2013"]
[Source "ChessBase"]
[SourceDate "2012.11.22"]
[SourceVersion "1"]
[SourceVersionDate "2012.11.22"]
[SourceQuality "1"]
[WhiteTeam "Debrecen Sakkbaratok"]
[BlackTeam "DEAC"]
[WhiteTeamCountry "HUN"]
[BlackTeamCountry "HUN"]

1. e4 c6 2. d4 d5 3. Nc3 dxe4 4. Bc4 Nf6 5. f3 exf3 6. Nxf3 Bf5 7. Ne5 e6 8. 0-0 Bg6 9. Bg5 Be7 10. Qd2 Nbd7 11. Nxg6 hxg6 12. Rae1 0-0 13. Kh1 Nb6 14. Bb3 Nbd5 15. Qd3 Nxc3 16. bxc3 Ng4 17. Bc1 Nh6 18. Bxh6 gxh6 19. Rxe6 Kh8 20. Re2 Kg7 21. Qe4 Bd6 22. c4 f5 23. Qd3 c5 24. c3 Qc7 25. g3 h5 26. Re6 Rad8 27. Qe3 Rf6 28. Re1 Rdf8 29. dxc5 Rxe6 30. Qxe6 Bxc5 31. Qe5+ Qxe5 32. Rxe5 b6 33. Kg2 Kf6 34. Rd5 Re8 35. Rd2 Re1 36. h4 Re3 37. Ba4 Rxc3 38. Rc2 Ra3 39. Bc6 Bb4 40. Re2 Bd6 41. Bf3 Rc3 42. Rd2 Be5 43. Re2 Rxc4 44. Rd2 Rc3 45. Re2 Ra3 46. Rc2 b5 47. Rc6+ Kg7 48. Rc2 b4 49. Rd2 a5 50. Rd7+ Kh6 51. Bd5 Rxg3+ 52. Kf2 Rg4 53. Rb7 Bg3+ 54. Kf3 Bxh4 55. Ra7 Bd8 56. Ra8 Bc7 57. Ra7 Rd4 58. Bf7 Rd3+ 59. Ke2 Rd7 60. Bg8 Kg5 61. Kf3 h4 62. Bc4 h3 63. Bf1 h2 64. Bg2 Rd3+ 65. Ke2 Rg3 66. Kf1 Rc3 67. Bd5 Rc1+ 68. Kf2 h1Q 69. Bxh1 Rxh1 0-1

[Event "HUN-chT2 Barcza 1112 "]
[Site "Hungary"]
[Date "2011.11.27"]
[Round "4"]
[White "Ag, Norbert"]
[Black "Kun, Imre"]
[Result "1-0"]
[WhiteElo "2285"]
[BlackElo "2009"]
[PlyCount "147"]
[EventDate "2011.09.25"]
[EventType "team-tourn"]
[EventRounds "11"]
[EventCountry "HUN"]
[SourceTitle "EXT 2013"]
[Source "ChessBase"]
[SourceDate "2012.11.22"]
[SourceVersion "1"]
[SourceVersionDate "2012.11.22"]
[SourceQuality "1"]
[WhiteTeam "DEAC"]
[BlackTeam "Nadudvar"]
[WhiteTeamCountry "HUN"]
[BlackTeamCountry "HUN"]

1. d4 d5 2. Nf3 Nf6 3. Bf4 e6 4. e3 c5 5. c3 Nc6 6. Nbd2 Bd7 7. Ne5 cxd4 8. exd4 Ne7 9. Bd3 Ng6 10. Bg3 Qb6 11. Qb3 Qxb3 12. axb3 Be7 13. 0-0 0-0 14. b4 Rfd8 15. Ra2 a6 16. Rfa1 Nxe5 17. Bxe5 Rac8 18. Nb3 Bc6 19. Na5 Nd7 20. Bg3 Nb6 21. Nxc6 Rxc6 22. b5 axb5 23. Bxb5 Rcc8 24. Ra7 Kf8 25. Rxb7 Nc4 26. Raa7 Bf6 27. Rxf7+ Kg8 28. Bxc4 dxc4 29. Kf1 Ra8 30. Ke2 h5 31. h3 Kh7 32. Rfb7 Kg6 33. Rc7 Rxa7 34. Rxa7 Rd5 35. Rb7 Ra5 36. Bd6 Rd5 37. Rb6 Kf5 38. Rc6 e5 39. dxe5 Bxe5 40. Ba3 Bf4 41. g3 Bc1 42. Rxc4 Rd2+ 43. Kf3 Rd3+ 44. Kg2 g5 45. Rc8 Rd5 46. Re8 Rd2 47. Re1 Bxb2 48. Bxb2 Rxb2 49. Rc1 Rb5 50. Kf3 g4+ 51. Kg2 Ke4 52. hxg4 hxg4 53. Rd1 Rc5 54. Rd4+ Ke5 55. Rxg4 Rxc3 56. Rf4 Rc8 57. Rf7 Ke6 58. Ra7 Kf5 59. Ra5+ Kg6 60. f4 Rc6 61. Kf3 Rb6 62. Kg4 Rc6 63. f5+ Kf6 64. Ra4 Rb6 65. Kf4 Rc6 66. g4 Rb6 67. g5+ Kf7 68. Ra7+ Kf8 69. Kg4 Rb5 70. f6 Kg8 71. Kh5 Rb1 72. Kg6 Rb8 73. Rg7+ Kh8 74. Rh7+ 1-0

[Event "HUN-chT2 Barcza 0910"]
[Site "Hungary"]
[Date "2010.03.21"]
[Round "8.3"]
[White "Herczeg, Tibor"]
[Black "Ag, Norbert"]
[Result "0-1"]
[WhiteElo "2150"]
[BlackElo "2241"]
[PlyCount "84"]
[EventDate "2009.11.08"]
[EventType "team-tourn"]
[EventRounds "11"]
[EventCountry "HUN"]
[SourceTitle "EXT 2011"]
[Source "ChessBase"]
[SourceDate "2010.11.26"]
[SourceVersion "1"]
[SourceVersionDate "2010.11.26"]
[SourceQuality "1"]
[WhiteTeam "SSASSE"]
[BlackTeam "DEAC"]
[WhiteTeamCountry "HUN"]
[BlackTeamCountry "HUN"]

1. e4 c6 2. d4 d5 3. Nc3 dxe4 4. Nxe4 Nd7 5. c3 Ngf6 6. Nxf6+ Nxf6 7. Bc4 Qc7 8. Nf3 e6 9. 0-0 Be7 10. Re1 0-0 11. Bg5 Bd7 12. Qc2 Rad8 13. Rad1 Rfe8 14. Ne5 Nd5 15. Bxe7 Rxe7 16. Bd3 g6 17. Qd2 Kg7 18. Re4 Nf6 19. Rh4 Ng8 20. Qg5 Be8 21. Ng4 f6 22. Qd2 c5 23. Nh6 cxd4 24. Nxg8 Kxg8 25. cxd4 Bc6 26. Qc3 Bd5 27. Qa3 b6 28. Qa4 Rd6 29. Be4 g5 30. Bxd5 gxh4 31. Bb3 Qd8 32. d5 exd5 33. Qxh4 Re5 34. h3 Kh8 35. Bc2 Qe7 36. Qg4 Rd8 37. Bb3 Re1+ 38. Kh2 Rxd1 39. Bxd1 d4 40. Qf3 Qd6+ 41. g3 d3 42. Qf5 Qe5 0-1

[Event "HUN-chT2 Barcza 0910"]
[Site "Hungary"]
[Date "2010.02.14"]
[Round "6.3"]
[White "Ag, Norbert"]
[Black "Mozer, Sandor"]
[Result "1-0"]
[WhiteElo "2241"]
[BlackElo "2014"]
[PlyCount "57"]
[EventDate "2009.11.08"]
[EventType "team-tourn"]
[EventRounds "11"]
[EventCountry "HUN"]
[SourceTitle "EXT 2011"]
[Source "ChessBase"]
[SourceDate "2010.11.26"]
[SourceVersion "1"]
[SourceVersionDate "2010.11.26"]
[SourceQuality "1"]
[WhiteTeam "DEAC"]
[BlackTeam "Nyiregyhaza"]
[WhiteTeamCountry "HUN"]
[BlackTeamCountry "HUN"]

1. e4 e5 2. Nf3 d6 3. Bc4 Be7 4. d3 Nf6 5. 0-0 0-0 6. Nbd2 Nc6 7. a3 Be6 8. Re1 a6 9. c3 Qd7 10. Bxe6 fxe6 11. Nf1 Rae8 12. Ng3 Bd8 13. a4 a5 14. Qb3 b6 15. Bd2 Qf7 16. Ng5 Qg6 17. Nxe6 Qf7 18. Qc4 Rxe6 19. Qxc6 Ng4 20. f3 Nxh2 21. Kxh2 Bh4 22. Nf5 Bxe1 23. Rxe1 Qh5+ 24. Kg1 g5 25. Qd7 Qg6 26. Ne7+ Rxe7 27. Qxe7 g4 28. fxg4 Qxg4 29. Qg5+ 1-0

[Event "HUN-chT2 Barcza 0910"]
[Site "Hungary"]
[Date "2009.11.08"]
[Round "1.3"]
[White "Radics, Laszlo"]
[Black "Ag, Norbert"]
[Result "1/2-1/2"]
[WhiteElo "2073"]
[BlackElo "2241"]
[PlyCount "77"]
[EventDate "2009.11.08"]
[EventType "team-tourn"]
[EventRounds "11"]
[EventCountry "HUN"]
[SourceTitle "EXT 2011"]
[Source "ChessBase"]
[SourceDate "2010.11.26"]
[SourceVersion "1"]
[SourceVersionDate "2010.11.26"]
[SourceQuality "1"]
[WhiteTeam "Piremon"]
[BlackTeam "DEAC"]
[WhiteTeamCountry "HUN"]
[BlackTeamCountry "HUN"]

1. e4 c6 2. d4 d5 3. f3 e6 4. Be3 Nf6 5. Nd2 Be7 6. Bd3 Qb6 7. b3 c5 8. c3 Nc6 9. Ne2 e5 10. dxe5 Nxe5 11. Bc2 0-0 12. 0-0 Rd8 13. Bf4 Ng6 14. Qe1 Nxf4 15. Nxf4 dxe4 16. fxe4 c4+ 17. Kh1 cxb3 18. Bxb3 Qa5 19. e5 Ng4 20. Nc4 Qc5 21. Nd6 Bxd6 22. exd6 Nf6 23. Bxf7+ Kh8 24. Rd1 Bg4 25. Ne6 Bxe6 26. Qxe6 Qxc3 27. d7 h6 28. Be8 Kh7 29. Qf5+ Kh8 30. Qe6 Kh7 31. Qf5+ Kh8 32. Rde1 Qd4 33. Qg6 Nxd7 34. Rb1 Qc3 35. Rbc1 Qb2 36. Rb1 Qc3 37. Rbc1 Qb2 38. Rb1 Qc3 39. Rbc1 1/2-1/2